000 00668nam a2200265Ia 4500
005 20260121161422.0
008 008 260114s9999 xx 000 0 eng d
020 _a9781003064954
037 _aEBOOK
040 _aCRL
040 _beng
040 _cCRL
041 _2eng
041 _aeng
084 _qCRL
100 _aConditioning Agents for Hair and Skin
_91044474
245 0 _aRandy Schueller; Perry Romanowski
260 _bTaylor and Francis
260 _c1999
650 _aChemical Engineering
_91044475
856 _uhttp://www.taylorfrancis.com/books/9781003064954
942 _cEBOOK
999 _c1610644
_d1610644